000 00663nam a2200217 4500
005 20260402112952.0
008 260402b |||||||| |||| 00| 0 eng d
020 _a978-93-94525-77-1
041 _aEnglish
082 _22nd, ed. 2025
100 _aAD 610.6 KAU B13083
_9217532
245 _aIntegrated Supervised Internship for GNM 3rd year part II nursing Students
250 _a2nd 2025
260 _aNew Delhi
_bCBS Publishers & Distributors Pvt. Ltd.
_c2025
300 _axxxii, 344p
_bpb
_c24x17cm
365 _aRupaye
_b495
_cINR
500 _aAdministration
650 _aAdministration
_9217533
651 _aAdministration
_9217534
942 _cBK
999 _c370851
_d370851